Pan e os prisioneiros de Bolvangar (Registo nº 4613)
[ vista simples ]
| 000 -Etiqueta do registo | |
|---|---|
| Cabeçalho | 00814nam0a2200229 4500 |
| 005 - Identificador da versão | |
| Campo de controlo | 20240813122106.0 |
| 010 ## - Número internacional normalizado dos livros (ISBN) | |
| Número (ISBN) | 978 1407 10456 0 |
| 100 ## - Dados gerais de processamento | |
| Dados gerais de processamento | 20170316d2007 de y0pory5003 ba |
| 102 ## - Pais de publicação ou produção | |
| País de publicação | Portugal |
| 101 1# - Língua de publicação | |
| Língua do texto, banda sonora, etc. | Português |
| Língua do documento no original | Inglês |
| 215 ## - Descrição física | |
| Indicação específica da natureza do documento e extensão da espécie | 61, [3] p. |
| Outras indicações físicas | il |
| 200 1# - Titulo e menção de responsabilidade | |
| Título próprio | Pan e os prisioneiros de Bolvangar |
| Informação de outro título | história do filme |
| Primeira menção de responsabilidade | adaptado do filme A bússola dourada cujo guião é da autoria de Kay Woodward |
| Outras menções de responsabilidade | trad. de Susana Maria Mendes Almeida |
| 210 ## - Publicação, Distribuição, etc. | |
| Lugar da edição, distribuição, etc. | Londres |
| Nome do editor, distribuidor, etc. | Scholastic children's books |
| Data da publicação, distribuição, etc. | [2007] |
| 606 ## - Nome comum usado como assunto | |
| Número de registo de entrada de autoridade | 0001536 |
| Palavra de ordem | Literatura inglesa |
| Subdivisão de assunto | Romances de aventuras |
| Código do sistema | CA |
| 675 ## - Classificação Decimal Universal (CDU) | |
| Notação | 821.111-311.3 |
| Edição | 3ª ed. |
| Língua da edição | por |
| 702 #1 - Nome de autor-pessoa física (responsabilidade secundária) | |
| Número de registo de entrada de autoridade | 0001776 |
| Palavra de ordem | Woodward |
| Outra parte do nome não tomada para palavra de ordem | Kay |
| Código de função | Argumentista (guião) / Autor de diálogo |
| Número de registo de entrada de autoridade | 0001778 |
| Palavra de ordem | Almeida |
| Outra parte do nome não tomada para palavra de ordem | Susana Maria Mendes |
| Código de função | Tradutor |
| 966 ## - Identificação da Biblioteca | |
| Sigla | EBVEN |
| 942 ## - Elementos de entrada adicionados (Koha) | |
| Tipo de item no Koha | Livro |
| Situação do levantamento | Origin of item (home branch) (coded) | Biblioteca de empréstimo | Código de barras | Cota | Circulation type (not for loan) | Tipo de documento | Nota do exemplar | Damaged status |
|---|---|---|---|---|---|---|---|---|
| Biblioteca Escolar das Vendas | Biblioteca Escolar das Vendas | BEV2091 | 8EST WOO | Livro | Sem mensagem |
